000 00154nam a22000857a 4500
082 _a823
100 _aEMILY HUTTA
245 _aHANSEL AND GRETEL
942 _cBK
999 _c8398
_d8398